000 00793cab a2200205 4500
001 ##l134016
008 060703n2006 000 0 eng u
035 _a(Sirsi) u134016
041 0 _aeng
100 1 _aHaworth, Roger
245 0 0 _aYorkshire forward
260 _c2006
490 0 _aProperty Week
_v71(25) 23 June 2006, 78(1)
520 _aReports on the residential market, which is becoming a buyers' market as purchasers research recent transactions before contacting estate agents. Developers are still eagerly looking for sites to buy, with land in the best suburban sites costing up to £1.75m/acre. Graph.
590 _aIKA040706
651 4 _aYORKSHIRE
651 4 _aNORTHEAST ENGLAND
690 _aPROPERTY-RESIDENTIAL PROPERTY-RESIDENTIAL PROPERTY MARKET
942 _n0
999 _c77324
_d77324